Термины естественных наук. Книга для преподавателя, Учебное пособие

Dades bibliogràfiques
Autor principal: А. А. Асташова
Sumari:Книга находится в премиум-версии платформы «Русский как иностранный».
В учебном пособии рассматриваются основные термины естественных наук (математика, химия, физика), синтаксические конструкции, которые встречаются в задачах и текстах научной тематики, а также даются ответы на предложенные задания. Учебное пособие соответствует общему содержанию учебной дисциплины «Русский язык как иностранный», определяемой Государственным образовательным стандартом по русскому языку как иностранному. Предназначено для обучения иностранных военнослужащих по всем специальностям, владеющих русским языком на уровне А2.
Publicat: Москва, Ай Пи Ар Медиа, 2022
Matèries:
Accés en línia:Перейти к просмотру издания
Format: MixedMaterials Electrònic

MARC

LEADER 00000 a2200000 4500
001 RU/ROS-EDU.RU/116551
856 4 |u https://www.ros-edu.ru/book?id=116551  |z Перейти к просмотру издания 
010 |a 978-5-4497-1407-7 
100 |a 20220101d2022 |||y0rusy0250  
105 |a y z 000zy 
101 0 |a rus 
102 |a RU 
200 1 |a Термины естественных наук. Книга для преподавателя  |b Электронный ресурс  |e Учебное пособие  |f А. А. Асташова 
700 1 |b А. А.  |a Асташова  |4 070 
330 |a В учебном пособии рассматриваются основные термины естественных наук (математика, химия, физика), синтаксические конструкции, которые встречаются в задачах и текстах научной тематики, а также даются ответы на предложенные задания. Учебное пособие соответствует общему содержанию учебной дисциплины «Русский язык как иностранный», определяемой Государственным образовательным стандартом по русскому языку как иностранному. Предназначено для обучения иностранных военнослужащих по всем специальностям, владеющих русским языком на уровне А2. 
210 |a Москва  |c Ай Пи Ар Медиа  |d 2022 
610 1 |a математика 
610 1 |a химия 
610 1 |a физика 
610 1 |a русский язык 
610 1 |a РКИ 
610 1 |a термин 
675 |a 811.161 
686 |a 81.2  |2 rubbk 
300 |a Книга находится в премиум-версии платформы «Русский как иностранный». 
215 |a 117 с.